000
00249nam a2200109Ia 4500
008
190914s9999||||xx |||||||||||||| ||und||
100
_a
S. Chand
245
0
_a
Professional Education
260
_a
Canada
_b
Pearson
_c
2005
300
_a
776
942
_c
BK
999
_c
9755
_d
9755